The chaos point: The world at the crossroads
Guardat en:
| Autor principal: | |
|---|---|
| Format: | Llibre |
| Idioma: | anglès |
| Publicat: |
Charlottesville
Hampton Roads
2006
|
| Matèries: | |
| Etiquetes: |
Afegir etiqueta
Sense etiquetes, Sigues el primer a etiquetar aquest registre!
|
MARC
| LEADER | 00000nam a2200000 a 4500 | ||
|---|---|---|---|
| 001 | UCH3182 | ||
| 003 | CL-VaPUC | ||
| 008 | 090715e20060000us |||||||||||||||||eng|d | ||
| 020 | |a 1571744851 | ||
| 082 | 0 | 4 | |a 909.83 |b LAS |2 21 |
| 100 | |a Laszlo, Ervin |e author |9 552935 | ||
| 245 | 1 | 4 | |a The chaos point: The world at the crossroads |
| 300 | |a 173 p | ||
| 942 | |c BK | ||
| 945 | |d 20090715 00:00:00 |a dcastane | ||
| 260 | |a Charlottesville |b Hampton Roads |c 2006 | ||
| 650 | 0 | |a Civilización moderna |9 265455 | |
| 650 | 0 | |a Desarrollo social |9 264534 | |
| 650 | 0 | |a Cooperación internacional |9 255447 | |
| 650 | 0 | |a Cambio social |9 256857 | |
| 583 | |a last modification |c 20180417 03:46:21 |k Rodrigo Vera | ||
| 999 | |c 334808 |d 334806 | ||
| 952 | |0 0 |1 0 |4 0 |6 909_830000000000000_LAS_2006 |7 0 |8 A |9 424027 |a BIBAGR |b BIBAGR |d 2019-11-22 |i 4571371 |l 1 |o 909.83 LAS 2006 |p 4571371 |r 2025-03-28 |s 2025-03-28 |w 2019-11-22 |y BK |k AGR | ||